| 000 | 00366nam a22001457a 4500 | ||
|---|---|---|---|
| 020 | _a978552142397 | ||
| 040 | _cNUST | ||
| 082 | _a954.91405 DUR | ||
| 100 |
_aDurrani, Tehmina: _911075 |
||
| 110 |
_aWilliam, Hoffer, Marilyn _996685 |
||
| 245 | _aMY FEUDAL LORD | ||
| 260 |
_aLondon: _bCORGI BOOKS, _c1994. |
||
| 650 |
_aMy Feudal Lord _996686 |
||
| 942 |
_2ddc _cBK |
||
| 999 |
_c590830 _d590830 |
||